Movies Quiz

Random Movies or Clickable Quiz

Disney/Pixar Song Match Quiz Stats

 Plays Quiz Updated Nov 30, 2017

Score 0/24 Timer 03:00
12 Plays Today
% Correct
The Little Mermaid
95.2%
101 Dalmatians
94.5%
The Lion King
93.8%
Lady and the Tramp
93.4%
Beauty and the Beast
93.1%
The Jungle Book
92.6%
Mary Poppins
92%
The Aristocats
91.6%
Snow White and the Seven Dwarfs
89.6%
Aladdin
89.6%
Toy Story
88.3%
Pocahontas
87.9%
% Correct
Mulan
75.6%
Peter Pan
74.1%
Pinocchio
73.9%
Tarzan
71.6%
Cinderella
70.8%
Dumbo
70.1%
The Fox and the Hound
70%
The Hunchback of Notre Dame
67.6%
Sleeping Beauty
67.5%
Hercules
64.9%
Oliver & Company
56%
Monsters Inc.
53%

You're not logged in!

Compare scores with friends on all Sporcle quizzes.
OR
Log In

Sporcle TV

Today on Sporcle TV


Watch our educational content, quiz creation guides, and fun videos on Sporcle TV.

Show Comments

Extras

Top Quizzes Today


Score Distribution

Your Account Isn't Verified!

In order to create a playlist on Sporcle, you need to verify the email address you used during registration. Go to your Sporcle Settings to finish the process.

Report this User

Report this user for behavior that violates our Community Guidelines.

Details: